[Event "IECC M-5225"]
[Site "IECC email"]
[Date "2005.04.06"]
[Round "?"]
[White "Jost, Marcelo"]
[Black "Calmac, Bogdan"]
[Result "1-0"]
[WhiteElo "1336"]
[BlackElo "1410"]
[PlyCount "71"]
[EventDate "2005.??.??"]
[EventType "tourn (corr)"]
[EventRounds "10"]
[SourceTitle "Corr 2020"]
[Source "ChessBase"]
[SourceDate "2019.09.30"]
[SourceVersion "1"]
[SourceVersionDate "2019.09.30"]
[SourceQuality "1"]
[WhiteTeam "Brazil"]
[BlackTeam "Romania"]
[WhiteTeamCountry "BRA"]
[BlackTeamCountry "ROU"]

1. e4 c5 2. c3 Nf6 3. e5 Nd5 4. d4 cxd4 5. Nf3 d6 6. Bc4 Nb6 7. Bb3 e6 8. 0-0 Nc6 9. exd6 dxc3 10. Nxc3 Bxd6 11. Nb5 Bb8 12. Qe2 0-0 13. Be3 Nd7 14. Rad1 Qe7 15. Bc2 h6 16. a3 a6 17. Nc3 e5 18. Ne4 f5 19. Nc3 e4 20. Nd5 Qd8 21. Nd4 Qh4 22. g3 Nxd4 23. Bxd4 Qg5 24. Be3 Qd8 25. Nf4 Qe8 26. Ba4 b5 27. Bb3+ Kh7 28. Bd5 Ne5 29. Bxa8 Nf3+ 30. Kg2 Bxf4 31. Bxf4 Qh5 32. Rh1 g5 33. Bd6 Re8 34. Qc2 Qg6 35. Qc7+ Kh8 36. Bc6 1-0

[Event "IECC M-5076"]
[Site "IECC email"]
[Date "2004.07.08"]
[Round "?"]
[White "Hassell, Graham"]
[Black "Jost, Marcelo"]
[Result "1/2-1/2"]
[WhiteElo "1492"]
[BlackElo "1291"]
[PlyCount "73"]
[EventDate "2004.??.??"]
[EventType "tourn (corr)"]
[EventRounds "10"]
[SourceTitle "Corr 2020"]
[Source "ChessBase"]
[SourceDate "2019.09.30"]
[SourceVersion "1"]
[SourceVersionDate "2019.09.30"]
[SourceQuality "1"]
[WhiteTeam "England"]
[BlackTeam "Brazil"]
[WhiteTeamCountry "ENG"]
[BlackTeamCountry "BRA"]

1. e4 e5 2. Nf3 Nc6 3. Bc4 Nf6 4. Ng5 d5 5. exd5 b5 6. Bf1 Nd4 7. c3 Nxd5 8. h4 h6 9. Ne4 Ne6 10. Bxb5+ Bd7 11. Qa4 Ndf4 12. d4 exd4 13. Bxf4 Nxf4 14. Nbd2 Nxg2+ 15. Kf1 Nf4 16. Bc6 Be7 17. cxd4 Rb8 18. Bxd7+ Qxd7 19. Qxd7+ Kxd7 20. b3 Rhd8 21. Rg1 g6 22. Nf3 Ke8 23. Rc1 Nd5 24. h5 g5 25. Ne5 Rb6 26. Nc6 Rd7 27. Ng3 Ba3 28. Re1+ Kf8 29. Ne5 Rd8 30. Nc4 Ra6 31. Nf5 Bb4 32. Rd1 Rf6 33. Nce3 Nf4 34. Ng3 Nh3 35. Rg2 Ra6 36. f3 Nf4 37. Rc2 1/2-1/2

[Event "IECC M-5032"]
[Site "IECC email"]
[Date "2004.05.17"]
[Round "?"]
[White "Harper, Roy"]
[Black "Jost, Marcelo"]
[Result "1/2-1/2"]
[WhiteElo "1404"]
[BlackElo "1262"]
[PlyCount "97"]
[EventDate "2004.??.??"]
[EventType "tourn (corr)"]
[EventRounds "10"]
[SourceTitle "Corr 2020"]
[Source "ChessBase"]
[SourceDate "2019.09.30"]
[SourceVersion "1"]
[SourceVersionDate "2019.09.30"]
[SourceQuality "1"]
[WhiteTeam "United States"]
[BlackTeam "Brazil"]
[WhiteTeamCountry "USA"]
[BlackTeamCountry "BRA"]

1. e4 d5 2. exd5 Qxd5 3. Nc3 Qa5 4. d4 Nf6 5. Nf3 c6 6. Bd3 Bg4 7. h3 Bh5 8. 0-0 e6 9. Bf4 Qb6 10. g4 Bg6 11. Re1 Bxd3 12. Qxd3 Nbd7 13. Nd2 Nd5 14. Nxd5 cxd5 15. c4 Nf6 16. c5 Qc6 17. Nf3 Nd7 18. b4 a6 19. Ne5 Nxe5 20. Bxe5 Qb5 21. Qb3 Be7 22. Bxg7 Rg8 23. Bh6 Rg6 24. a4 Qc4 25. Qe3 Bf6 26. Red1 Rc8 27. b5 Ra8 28. b6 Rc8 29. a5 Qc2 30. Rdc1 Qb2 31. Rab1 Qxd4 32. Qxd4 Bxd4 33. c6 bxc6 34. b7 Rb8 35. Rxc6 Kd7 36. Rxa6 Rxh6 37. Ra8 Kc7 38. a6 Rxh3 39. a7 Bxa7 40. Rxa7 f5 41. g5 Rh5 42. f4 Rh4 43. Rb4 h6 44. gxh6 Rxh6 45. Kf2 Rh4 46. Ke2 Rg4 47. Kd2 Rg2+ 48. Kd3 Rf2 49. Ra6 1/2-1/2

[Event "IECC TH-M email"]
[Site "IECC email"]
[Date "1999.07.26"]
[Round "?"]
[White "Sanchez, Christian"]
[Black "Jost, Marcelo"]
[Result "0-1"]
[WhiteElo "1216"]
[BlackElo "1195"]
[PlyCount "66"]
[EventDate "1999.??.??"]
[EventType "match (corr)"]
[EventRounds "2"]
[SourceTitle "Corr 2008"]
[Source "ChessBase"]
[SourceDate "2008.06.24"]
[SourceVersion "1"]
[SourceVersionDate "2008.06.24"]
[SourceQuality "1"]

1. e4 e5 2. Nf3 Nf6 3. Nxe5 d6 4. Nxf7 Kxf7 5. d4 c5 6. dxc5 Qa5+ 7. Nc3 Qxc5 8. Be3 Qb4 9. a3 Qa5 10. Bc4+ Ke8 11. Bd4 Be7 12. 0-0 Nc6 13. b4 Qd8 14. Bxf6 Bxf6 15. Qh5+ g6 16. Qd5 Rf8 17. Nb5 Bxa1 18. Rxa1 Qf6 19. Nxd6+ Ke7 20. Rd1 Rd8 21. e5 Nxe5 22. Re1 Rxd6 23. Rxe5+ Kd7 24. Qc5 Rd1+ 25. Bf1 Kd8 26. Qc3 Rd6 27. Qc5 b6 28. Qe3 Bd7 29. f4 Rc8 30. c4 Rd1 31. Re4 Qa1 32. Qe2 Rc6 33. c5 bxc5 0-1

[Event "IECC M email"]
[Site "IECC email"]
[Date "1999.04.22"]
[Round "?"]
[White "Wheeler, Todd"]
[Black "Jost, Marcelo"]
[Result "0-1"]
[WhiteElo "967"]
[BlackElo "1125"]
[PlyCount "50"]
[EventDate "1999.??.??"]
[EventType "tourn (corr)"]
[EventRounds "6"]
[SourceTitle "Corr 2008"]
[Source "ChessBase"]
[SourceDate "2008.06.24"]
[SourceVersion "1"]
[SourceVersionDate "2008.06.24"]
[SourceQuality "1"]

1. d4 d5 2. Nc3 Nf6 3. Bg5 c6 4. Bxf6 exf6 5. e3 Qb6 6. Rb1 Bb4 7. Qd2 0-0 8. Nf3 Bf5 9. Bd3 Bxd3 10. Qxd3 Nd7 11. 0-0 Rfe8 12. a3 Bd6 13. Rfe1 Re6 14. e4 dxe4 15. Nxe4 Bf4 16. g3 Bc7 17. Neg5 Rxe1+ 18. Rxe1 fxg5 19. Nxg5 Nf6 20. Re7 Rf8 21. Qf5 Bd8 22. Re2 Qxb2 23. Qc8 Qc1+ 24. Kg2 Qxg5 25. Qxb7 Qd5+ 0-1

[Event "IECC M email"]
[Site "IECC email"]
[Date "1999.01.17"]
[Round "?"]
[White "Schrepfer, Jeff"]
[Black "Jost, Marcelo"]
[Result "0-1"]
[WhiteElo "905"]
[BlackElo "1043"]
[PlyCount "52"]
[EventDate "1999.??.??"]
[EventType "tourn (corr)"]
[EventRounds "6"]
[SourceTitle "Corr 2008"]
[Source "ChessBase"]
[SourceDate "2008.06.24"]
[SourceVersion "1"]
[SourceVersionDate "2008.06.24"]
[SourceQuality "1"]

1. e4 c6 2. d4 d5 3. exd5 cxd5 4. c4 Nf6 5. Nc3 e6 6. Nf3 Bb4 7. a3 Ba5 8. b4 Bc7 9. Bg5 h6 10. Bxf6 Qxf6 11. cxd5 0-0 12. dxe6 Bxe6 13. Nb5 Bb6 14. d5 Rd8 15. d6 a6 16. Nc7 Bxc7 17. Bd3 Qc3+ 18. Ke2 Bxd6 19. Re1 Nc6 20. Kf1 Bf4 21. Qb1 Rxd3 22. b5 Bc4 23. Kg1 axb5 24. a4 Nd4 25. Nxd4 Qxd4 26. a5 Rd2 0-1